| 000 | 03648 a2200241 4500 | ||
|---|---|---|---|
| 001 | 21559 | ||
| 005 | 20260407155506.0 | ||
| 008 | 260407a2013 arg spa d | ||
| 003 | AR-UNSa-BCEJYS | ||
| 040 |
_aAR-UNSa-BCEJYS _bspa _cAR-UNSa-BCEJYS |
||
| 080 |
_a336.1 _xFinanzas Públicas. Finanzas del gobierno en general |
||
| 245 | 1 | 0 | _aFinanzas públicas y derecho tributario |
| 020 | _a978-950-20-2447-9 | ||
| 250 | _a4a. ed. | ||
| 264 | 1 |
_aBuenos Aires : _bAbeledo Perrot _c2013 |
|
| 300 |
_alvii, 1003 p. _c25 cm. |
||
| 505 | _aParte I: Finianzas públicas y derecho tributario en general: 1. Evolución del pensamiento financiero - 2. Finanzas públicas, naturaleza, estructura y relaciones con la economía - 3. Diferentes enfoques de derecho tributario -- Parte II: Presupuesto estatal: 1. El Presupuesto estatal - 2. Presupuesto estatal, cuentas nacionales y renta nacional - 3. Finanzas de múltiples niveles de gobierno -- 4. Las Finanzas de múltiples niveles en el derecho argentino -- Parte III Gastos Públicos: 1. Los Gastos públicos - 2. Efectos de los gastos públicos - 3. Cuantificación de los efectos de los gastos públicos -- Parte IV: Recursos: 1. Recursos - 2. Teoría general del impuesto -- Parte V: Impuestos en general: 1. Caracteres del sistema impositivo - 2. Impuestos fijos, graduales, proporcionales, progresivos y regresivos - 3. Los principios de la imposición - 4. Los principios de la imposición en el derecho constitucional argentino - 5. Efectos económicos de los impuestos -- Parte VI: El Derecho Tributario: 1. Diversos enfoques del derecho tributario - 2. Contenido del derecho tributario sustantivo - 3. El Hecho imponible: Concepto y naturaleza - 4. Interpretación de la norma tributaria - 5. Derecho tributario penal - 6. Derecho tributario administrativo - 7. Derecho tributario procesal -- Parte VII: La imposición sobre la Renta: 1. El Impuesto a la renta o a los réditos - 2. El Impuesto a los réditos de las sociedades de capital - 3. La Imposición sobre la renta en el derecho tributario argentino -- 4. El Impuesto a las ganancias o beneficios de las sociedades de capital y otros impuestos que integran el sistema de imposición a las ganancias en el derecho argentino - 5. El Impuesto sobre los beneficios eventuales - 6. El Impuesto a las superrentas -- Parte VIII: La imposición sobre los patrimonios y sobre los capitales: 1. Impuesto al patrimonio neto de las personas físicas - 2. Impuesto extraordinario al patrimonio - 3. El Impuesto sobre el patrimonio neto de la Argentina - 4. El Impuesto al capital de empresas - 5. El Impuesto sobre los capitales de la Argentina - 6. Impuestos a la transmisión gratuita de bienes -- Parte IX: La imposición al gasto: 1. Impuesto al gasto -- Parte X: La imposición al consumo: 1. Los Impuestos particulares sobre los consumos - 2. Impuestos generales sobre las ventas -- 3. Los Impuestos aduaneros y el régimen cambiario -- 4. Los Impuestos internos -- 5. Los Impuestos sobre los ingresos brutos -- 6. El Impuesto al valor agregado (IVA) -- Parte XI: Otros impuestos: 1. Impuesto sobre las transferencias patrimoniales a título oneroso - 2. El Impuesto de los sellos en la Argentina -- Parte XII: Otros recursos: 1. La Deuda pública - 2. La Emisión de billetes y las finanzas públicas -- Parte XIII: Las finanzas de la seguridad social: 1. Finanzas de la seguridad social | ||
| 041 | _aspa | ||
| 942 | _cBK | ||
| 590 | _aniveau_biblio:m niveau_hierar:0 | ||
| 100 | 1 | _aJarach, Dino | |
| 856 | 4 | 1 |
_uhttps://biblioeco.unsa.edu.ar/pmb/images/libros/Finanzas Publicas y Derecho Tributario2.jpg _yImagen de portada _qimage/jpeg |
| 999 |
_c823 _d823 |
||